000 00311nam a2200097 a 4500
005 20201002052526.0
008 150601s2004 000 spa d
245 0 _aPrincipios de epidemiología para el control de enfermedades.
260 _as. n. : Organización Panamericana de la Salud,
_cs. f.
999 _c45412
_d45412
040 _aDO-SdBNP